乃木坂46メンバーを輩出していない都道府県(サドンデス) - Statistics

General Stats
  • This quiz has been taken 67 times
  • The average score is 4 of 10
Answers on the Grid
Answers color-coded by a green-red scale on the quiz's grid according to % correct below.
岩手県
秋田県
山形県
福島県
群馬県
栃木県
茨城県
長野県
山梨県
石川県
岐阜県
京都府
奈良県
鳥取県
岡山県
香川県
愛媛県
長崎県
大分県
宮崎県
 
Answer Stats
Answer % Correct
山形県
60%
福島県
48%
石川県
45%
鳥取県
45%
宮崎県
43%
茨城県
40%
香川県
40%
愛媛県
40%
長野県
38%
奈良県
30%
No matching quizzes found
Score Distribution
Percent of People with Each Score
Percentile by Number Answered
Your Score History
You have not taken this quiz